| 000 | 01141nam a2200229Ia 4500 | ||
|---|---|---|---|
| 003 | Ost | ||
| 005 | 20260507075632.0 | ||
| 008 | 260507s9999||||xx |||||||||||||| ||und|| | ||
| 020 | _a9957111752 | ||
| 040 | _cfsecg | ||
| 041 | _aara | ||
| 082 | _a519.72 | ||
| 100 |
_aالموسوي، عبد الرسول عبد الرزاق _eمؤلف |
||
| 245 | 0 |
_aالمدخل لبحوث العمليات / _c عبد الرسول عبد الرزاق الموسوي |
|
| 260 |
_aعمان: _bدار وائل للنشر, _c2002 |
||
| 300 |
_a315 صفحة؛ _bإيضاحات ؛ _c24 سم |
||
| 520 | _aتجد في هذا الكتاب : البرمجة الخطية ، تكوين المشكلة وطريقة الرسم البياني ،البرمجة الخطية ،طريقة السمبلكس تحليل الحسابية والحل الثنائي، النقل والتخصيص ، تحليل القرار ،شبكات الأعمال ، نماذج المخزون ، نظرية صفوف الإنتظار ، نظريات المباريات | ||
| 653 | _aالبرمجة الخطية | ||
| 653 | _aبحوث | ||
| 653 | _aعمليات | ||
| 942 | _cكتاب | ||
| 999 |
_c45222 _d45222 |
||